| 000 | 00527nam a2200157 4500 | ||
|---|---|---|---|
| 001 | 123161 | ||
| 003 | ES-MaACL | ||
| 005 | 20230906192124.0 | ||
| 007 | t| | ||
| 008 | 070214s1912 fr r ||||0| fre d | ||
| 100 | 1 |
_aPrunel, Louis N. _994086 |
|
| 245 | 1 | 0 |
_aSébastien Zamet _b: évêque-duc de Langres, pair de France (1588-1655) : sa vie et ses oeuvres : les origines du Jansénisme / _cLouis N. Prunel. |
| 260 |
_aParis : _bA. Picard, _c1912. |
||
| 300 |
_aXVI, 569 p., 1 lám ; _c22 x 14 cm. |
||
| 852 |
_aES-MaACL _jB-122 |
||
| 999 |
_c123161 _d123161 |
||